000 00173 a2200097 4500
020 _a0545027128
041 _aeng
100 _aLynn Maslen
245 _aChickens
942 _cK
999 _c26153
_d26153